| 000 | 00339nam a2200121Ia 4500 | ||
|---|---|---|---|
| 008 | 210430s9999 xx 000 0 und d | ||
| 082 | _a671.734 T3741 H | ||
| 100 |
_aJ.R.Davis _953773 |
||
| 245 |
_aHandbook of Thermal Spray Technology _cJ.R.Davis |
||
| 260 |
_aAmerica _bTSS Asm Thermal Society _c2004 |
||
| 300 | _a338p | ||
| 942 |
_cBK _2ddc |
||
| 999 |
_c564057 _d564057 |
||